Culture Générale - Série 1657 - Statistiques

Statistiques générales
  • Ce quiz a été pris 149 fois
  • Le résultat moyen est 8 sur 10
Statistiques - réponses
Question Réponse % Correct
On dit d'un très bon cuisinier que c'est un cordon... bleu
98%
On dit d'une personne qui s'expose imprudemment à un danger qu'"elle joue avec le... feu
98%
Quel nom de petits insectes sauteurs est donné au marché où l'on vend toutes sortes d'objets d'occasions ? puces
90%
Quelle anomalie de la vision des couleurs fait confondre le plus souvent le rouge et le vert ? daltonisme
88%
Quel homme politique et théoricien révolutionnaire russe avait pour véritable nom : Vladimir Ilitch Oulianov ? Lénine
87%
Quel compositeur allemand, né en 1770, est l'auteur de la sonate n°8 dite "Pathétique" ? Beethoven
70%
Comment appelle-t-on la petite poche de gilet ou de pantalon destinée à loger une montre ? gousset
63%
Sous quel nom de scène connait-on mieux l'animateur de télévision et imitateur Patrick Boutot ? Patrick Sébastien
55%
Quelle ville, située sur une île au nord de Venise, est connue dans le monde entier pour sa verrerie ? Murano
52%
Quel est le prénom de la Sud-Africaine à laquelle le prince Albert II de Monaco s'est fiancé en juin 2010 ? Charlène
51%
Aucun quiz correspondant
Distribution des résultats
% des personnes avec chaque résultat
Percentile par nombre de réponses
Votre historique - résultats
Vous n’avez pas pris ce quiz